Manual de contabilidad para administración tributaria 1989 / (Registro nro. 11438)
[ vista simple ]
| 000 -LEADER | |
|---|---|
| fixed length control field | 00958nam a2200217Ia 4500 |
| 003 - CONTROL NUMBER IDENTIFIER | |
| control field | OSt |
| 005 - DATE AND TIME OF LATEST TRANSACTION | |
| control field | 20210415142931.0 |
| 008 - FIXED-LENGTH DATA ELEMENTS--GENERAL INFORMATION | |
| fixed length control field | 210310s1990 ck gr 000 0 spa d |
| 040 ## - CATALOGING SOURCE | |
| Original cataloging agency | CO-JMCR |
| Transcribing agency | CO-JMCR |
| 041 0# - LANGUAGE CODE | |
| Language code of text/sound track or separate title | spa |
| 082 04 - DEWEY DECIMAL CLASSIFICATION NUMBER | |
| Classification number | 657.46 / |
| Item number | C718m |
| Edition number | 23 |
| 110 2# - MAIN ENTRY--CORPORATE NAME | |
| Corporate name or jurisdiction name as entry element | Colombia. |
| Subordinate unit | Contraloría General de la Republica |
| 9 (RLIN) | 6721 |
| 245 10 - TITLE STATEMENT | |
| Title | Manual de contabilidad para administración tributaria 1989 / |
| Statement of responsibility, etc. | Contraloría General de la Nación |
| 260 ## - PUBLICATION, DISTRIBUTION, ETC. | |
| Place of publication, distribution, etc. | Bogotá : |
| Name of publisher, distributor, etc. | Contraloría General de la Nación, |
| Date of publication, distribution, etc. | 1990. |
| 300 ## - PHYSICAL DESCRIPTION | |
| Extent | 127 páginas ; |
| Dimensions | 23 cm. |
| 440 ## - SERIES STATEMENT/ADDED ENTRY--TITLE | |
| Title | 0 |
| 9 (RLIN) | 25519 |
| 505 0# - FORMATTED CONTENTS NOTE | |
| Formatted contents note | La contabilidad del proceso tributario como sistema de información gerencial y de control fiscal.-- Estructura y nomenclatura de cuentas. -- Códigos auxiliares. -- Significado y manejo de las cuentas. -- Documentación contable. -- Informes de contabilidad. |
| 650 14 - SUBJECT ADDED ENTRY--TOPICAL TERM | |
| Topical term or geographic name entry element | Manual contable. |
| 9 (RLIN) | 25520 |
| 650 14 - SUBJECT ADDED ENTRY--TOPICAL TERM | |
| Topical term or geographic name entry element | Administración tributaria. |
| 9 (RLIN) | 36728 |
| 942 ## - ADDED ENTRY ELEMENTS (KOHA) | |
| Source of classification or shelving scheme | Dewey Decimal Classification |
| Koha item type | Books |
| Withdrawn status | Lost status | Source of classification or shelving scheme | Damaged status | Not for loan | Home library | Current library | Shelving location | Date acquired | Coded location qualifier | Full call number | Barcode | Date last seen | Copy number | Price effective from | Koha item type |
|---|---|---|---|---|---|---|---|---|---|---|---|---|---|---|---|
| Dewey Decimal Classification | Biblioteca Pública José María del Castillo y Rada | Biblioteca Pública José María del Castillo y Rada | General Stacks | 04/15/2018 | $0. | 657.46 / C718m | 430013231 | 05/16/2024 | Ej.1 | 03/10/2021 | Books |